[Event "Kupreichik Memorial Rapid 2019"]
[Site "Minsk"]
[Date "2019.08.16"]
[Round "4.36"]
[White "Ustiugov, Boris"]
[Black "Zvereva, Margarita"]
[Result "0-1"]
[WhiteElo "1567"]
[BlackElo "1678"]
[Annotator "NA"]
[PlyCount "105"]
[EventDate "2019.08.15"]
[EventType "swiss"]
[EventCountry "BLR"]
[SourceTitle "playchess.com"]
[Source "ChessBase"]
[SourceQuality "1"]
[TimeControl "900+10"]

1. d4 {[%emt 0:00:00]} d5 {[%emt 0:00:00]} 2. Nc3 {[%emt 0:00:02]} Nf6 {[%emt 0:00:00]} 3. g3 {[%emt 0:00:02]} e6 {[%emt 0:00:07]} 4. Bg2 {[%emt 0:00:03]} Be7 {[%emt 0:00:32]} 5. Nf3 {[%emt 0:00:12]} Nbd7 {[%emt 0:00:05]} 6. O-O {[%emt 0:00:36]} O-O {[%emt 0:00:04]} 7. Re1 {[%emt 0:00:03]} Ne4 {[%emt 0:01:14]} 8. Nxe4 {[%emt 0:01:10]} dxe4 {[%emt 0:00:02]} 9. Nd2 {[%emt 0:00:13]} f5 {[%emt 0:00:30]} 10. c3 {[%emt 0:01:11]} Nf6 {[%emt 0:00:53]} 11. Nc4 {[%emt 0:00:51]} Nd5 {[%emt 0:01:27]} 12. Ne5 {[%emt 0:01:19]} Bf6 {[%emt 0:02:15]} 13. Qb3 {[%emt 0:01:56]} c5 {[%emt 0:02:07]} 14. e3 {[%emt 0:01:16]} Qc7 {[%emt 0:02:48]} 15. f4 {[%emt 0:02:22]} Rb8 {[%emt 0:03:18]} 16. a4 {[%emt 0:02:20]} a6 {[%emt 0:00:31]} 17. c4 {[%emt 0:02:00]} Ne7 {[%emt 0:00:50]} 18. Bd2 {[%emt 0:00:11]} cxd4 {[%emt 0:00:26]} 19. exd4 {[%emt 0:00:02]} Nc6 {[%emt 0:00:31]} 20. Bc3 {[%emt 0:00:34]} Nxe5 {[%emt 0:00:26]} 21. dxe5 {[%emt 0:00:32]} Be7 {[%emt 0:00:04]} 22. Rad1 {[%emt 0:00:56]} Bc5+ {[%emt 0:00:07]} 23. Kh1 {[%emt 0:00:02]} Bd7 {[%emt 0:00:07]} 24. Qc2 {[%emt 0:00:37]} b5 {[%emt 0:00:12]} 25. b4 {[%emt 0:00:13]} Be7 {[%emt 0:00:09]} 26. axb5 {[%emt 0:00:16]} axb5 {[%emt 0:00:12]} 27. c5 {[%emt 0:00:01]} Bc6 {[%emt 0:00:09]} 28. Qb3 {[%emt 0:00:14]} Bd5 {[%emt 0:00:03]} 29. Qb2 {[%emt 0:00:11]} Ra8 {[%emt 0:00:06]} 30. Ra1 {[%emt 0:00:04]} Bc4 {[%emt 0:00:25]} 31. Rxa8 {[%emt 0:00:02]} Rxa8 {[%emt 0:00:01]} 32. Ra1 {[%emt 0:00:02]} Rd8 {[%emt 0:00:07]} 33. Bf1 {[%emt 0:00:10]} Bxf1 {[%emt 0:00:19]} 34. Rxf1 {[%emt 0:00:01]} Qc6 {[%emt 0:00:13]} 35. Qe2 {[%emt 0:00:09]} Rd3 {[%emt 0:00:09]} 36. Rc1 {[%emt 0:00:09]} Qd5 {[%emt 0:00:12]} 37. Be1 {[%emt 0:00:32]} Qc6 {[%emt 0:00:10]} 38. Kg1 {[%emt 0:00:11]} h6 {[%emt 0:00:10]} 39. Rc3 {[%emt 0:00:01]} Rd4 {[%emt 0:00:04]} 40. Bf2 {[%emt 0:00:04]} Rxb4 {[%emt 0:00:04]} 41. Be3 {[%emt 0:00:09]} Rb1+ {[%emt 0:00:07]} 42. Kg2 {[%emt 0:00:01]} b4 {[%emt 0:00:12]} 43. Rc2 {[%emt 0:00:15]} b3 {[%emt 0:00:13]} 44. Rb2 {[%emt 0:00:02]} Rxb2 {[%emt 0:00:10]} 45. Qxb2 {[%emt 0:00:01]} Qd5 {[%emt 0:00:11]} 46. Qc3 {[%emt 0:00:15]} Bd8 {[%emt 0:00:17]} 47. c6 {[%emt 0:00:03]} Qd3 {[%emt 0:00:08]} 48. Qc1 {[%emt 0:00:52]} Qe2+ {[%emt 0:00:10]} 49. Kh3 {[%emt 0:00:04]} b2 {[%emt 0:00:09]} 50. Qb1 {[%emt 0:00:24]} Qxe3 {[%emt 0:00:12]} 51. Qxb2 {[%emt 0:00:02]} Qb6 {[%emt 0:00:13]} 52. Qc3 {[%emt 0:00:11]} Bc7 {[%emt 0:00:08]} 53. Kh4 0-1

[Event "Kupreichik Memorial Rapid 2019"]
[Site "Minsk"]
[Date "2019.08.16"]
[Round "4.38"]
[White "Ostrovskiy, Viktor"]
[Black "Yasiukovich, Sergei"]
[Result "0-1"]
[WhiteElo "1453"]
[BlackElo "1529"]
[Annotator "NA"]
[PlyCount "58"]
[EventDate "2019.08.15"]
[EventType "swiss"]
[EventCountry "BLR"]
[SourceTitle "playchess.com"]
[Source "ChessBase"]
[SourceQuality "1"]
[TimeControl "900+10"]

1. e4 {[%emt 0:00:00]} c6 {[%emt 0:00:00]} 2. d4 {[%emt 0:00:00]} d5 {[%emt 0:00:00]} 3. exd5 {[%emt 0:00:00]} cxd5 {[%emt 0:00:00]} 4. c4 {[%emt 0:00:00]} Nf6 {[%emt 0:00:00]} 5. Nc3 {[%emt 0:00:03]} Nc6 {[%emt 0:00:02]} 6. Nf3 {[%emt 0:00:10]} Bg4 {[%emt 0:00:09]} 7. Be2 {[%emt 0:00:02]} dxc4 {[%emt 0:00:11]} 8. d5 {[%emt 0:00:41]} Na5 {[%emt 0:00:25]} 9. Bxc4 {[%emt 0:05:36]} Nxc4 {[%emt 0:00:10]} 10. Qa4+ {[%emt 0:00:01]} Qd7 {[%emt 0:00:14]} 11. Qxc4 {[%emt 0:00:06]} Bxf3 {[%emt 0:00:13]} 12. gxf3 {[%emt 0:00:04]} Rc8 {[%emt 0:00:36]} 13. Qd4 {[%emt 0:03:23]} g6 {[%emt 0:00:10]} 14. Be3 {[%emt 0:00:07]} Bg7 {[%emt 0:00:10]} 15. Rd1 {[%emt 0:00:27]} b6 {[%emt 0:01:20]} 16. Qa4 {[%emt 0:01:07]} Qxa4 {[%emt 0:00:59]} 17. Nxa4 {[%emt 0:00:02]} O-O {[%emt 0:00:14]} 18. Nc3 {[%emt 0:00:48]} Rfd8 {[%emt 0:00:11]} 19. Ke2 {[%emt 0:00:31]} Nd7 {[%emt 0:00:54]} 20. Bd4 {[%emt 0:00:42]} Rc4 {[%emt 0:01:31]} 21. Bxg7 {[%emt 0:00:17]} Kxg7 {[%emt 0:00:01]} 22. Nb5 {[%emt 0:02:33]} Rc2+ {[%emt 0:00:24]} 23. Rd2 {[%emt 0:00:01]} Rxd2+ {[%emt 0:00:01]} 24. Kxd2 {[%emt 0:00:02]} Ne5 {[%emt 0:00:53]} 25. Nc3 {[%emt 0:00:40]} Nxf3+ {[%emt 0:00:08]} 26. Ke3 {[%emt 0:00:22]} Ne5 {[%emt 0:00:03]} 27. b3 {[%emt 0:01:05]} Ng4+ {[%emt 0:00:11]} 28. Kf4 {[%emt 0:00:23]} Nxf2 {[%emt 0:00:42]} 29. Rf1 {[%emt 0:00:25]} Nd3+ {[%emt 0:00:04]} 0-1

[Event "Kupreichik Memorial Rapid 2019"]
[Site "Minsk"]
[Date "2019.08.16"]
[Round "4.39"]
[White "Drobyshevsky, Vasily"]
[Black "Lashkevich, Andrei"]
[Result "0-1"]
[WhiteElo "1441"]
[BlackElo "1447"]
[Annotator "NA"]
[PlyCount "122"]
[EventDate "2019.08.15"]
[EventType "swiss"]
[EventCountry "BLR"]
[SourceTitle "playchess.com"]
[Source "ChessBase"]
[SourceQuality "1"]
[TimeControl "900+10"]

1. c4 {[%emt 0:00:00]} c6 {[%emt 0:00:00]} 2. d4 {[%emt 0:00:00]} d6 {[%emt 0:00:00]} 3. e4 {[%emt 0:00:01]} Nd7 {[%emt 0:00:01]} 4. Nc3 {[%emt 0:00:02]} h6 {[%emt 0:00:04]} 5. Nf3 {[%emt 0:00:02]} g5 {[%emt 0:00:04]} 6. h3 {[%emt 0:00:04]} Bg7 {[%emt 0:00:02]} 7. Be2 {[%emt 0:00:06]} Nf8 {[%emt 0:00:05]} 8. Bd2 {[%emt 0:00:26]} Qa5 {[%emt 0:00:05]} 9. Qc2 {[%emt 0:01:59]} Ng6 {[%emt 0:00:05]} 10. Nd5 {[%emt 0:01:01]} Qd8 {[%emt 0:00:02]} 11. Nc3 {[%emt 0:00:31]} a6 {[%emt 0:00:03]} 12. Qc1 {[%emt 0:00:11]} b5 {[%emt 0:00:50]} 13. d5 {[%emt 0:00:50]} b4 {[%emt 0:00:31]} 14. Nd1 {[%emt 0:00:09]} c5 {[%emt 0:00:05]} 15. a3 {[%emt 0:00:38]} bxa3 {[%emt 0:00:17]} 16. Rxa3 {[%emt 0:00:03]} Nf6 {[%emt 0:01:18]} 17. Bd3 {[%emt 0:00:14]} g4 {[%emt 0:00:10]} 18. hxg4 {[%emt 0:00:21]} Nxg4 {[%emt 0:00:08]} 19. Bc2 {[%emt 0:01:03]} N6e5 {[%emt 0:00:26]} 20. Nxe5 {[%emt 0:00:13]} Nxe5 {[%emt 0:00:13]} 21. Ba4+ {[%emt 0:00:36]} Kf8 {[%emt 0:00:15]} 22. Bxh6 {[%emt 0:03:18]} Qa5+ {[%emt 0:00:27]} 23. Kf1 {[%emt 0:00:13]} Kg8 {[%emt 0:00:31]} 24. Qg5 {[%emt 0:00:20]} Ng6 {[%emt 0:00:15]} 25. Bc6 {[%emt 0:01:01]} Qb4 {[%emt 0:00:48]} 26. Bxa8 {[%emt 0:00:43]} Qxc4+ {[%emt 0:00:04]} 27. Kg1 {[%emt 0:00:16]} Qxe4 {[%emt 0:00:18]} 28. Re3 {[%emt 0:00:43]} Qc2 {[%emt 0:00:52]} 29. Re1 {[%emt 0:00:47]} Be5 {[%emt 0:00:50]} 30. g3 {[%emt 0:02:23]} f6 {[%emt 0:00:48]} 31. Qe3 {[%emt 0:00:31]} Bg4 {[%emt 0:00:58]} 32. Nc3 {[%emt 0:00:22]} Bd4 {[%emt 0:00:25]} 33. Rc1 {[%emt 0:00:27]} Qxb2 {[%emt 0:00:34]} 34. Qe1 {[%emt 0:00:02]} Ne5 {[%emt 0:00:20]} 35. Kg2 {[%emt 0:00:20]} Bf3+ {[%emt 0:00:30]} 36. Kg1 {[%emt 0:00:08]} Bxh1 {[%emt 0:00:15]} 37. Kxh1 {[%emt 0:00:04]} Rxh6+ 38. Kg2 Rh7 {[%emt 0:01:26]} 39. Ne2 {[%emt 0:01:05]} Nd3 {[%emt 0:00:36]} 40. Qf1 {[%emt 0:00:10]} Nxc1 {[%emt 0:00:10]} 41. Nxc1 {[%emt 0:00:01]} Qc2 {[%emt 0:00:39]} 42. Nd3 {[%emt 0:00:06]} Qc4 {[%emt 0:00:48]} 43. Qd1 {[%emt 0:00:07]} Rg7 {[%emt 0:00:54]} 44. Nf4 {[%emt 0:00:06]} Qa2 {[%emt 0:00:29]} 45. Qf3 {[%emt 0:00:14]} Qb1 {[%emt 0:01:17]} 46. Ne6 {[%emt 0:00:15]} Rh7 {[%emt 0:00:59]} 47. Qg4+ {[%emt 0:00:11]} Kh8 {[%emt 0:00:01]} 48. Kf3 {[%emt 0:00:25]} Qd1+ {[%emt 0:00:12]} 49. Kf4 {[%emt 0:00:01]} Qxg4+ {[%emt 0:00:08]} 50. Kxg4 {[%emt 0:00:01]} Bxf2 {[%emt 0:00:14]} 51. Kf3 {[%emt 0:00:04]} Be1 {[%emt 0:00:05]} 52. g4 {[%emt 0:00:02]} Rh4 {[%emt 0:00:21]} 53. Kf4 {[%emt 0:00:02]} a5 {[%emt 0:00:07]} 54. Bc6 {[%emt 0:00:02]} c4 {[%emt 0:00:03]} 55. Kf5 {[%emt 0:00:08]} c3 {[%emt 0:00:09]} 56. g5 {[%emt 0:00:00]} fxg5 {[%emt 0:00:08]} 57. Kxg5 {[%emt 0:00:00]} c2 {[%emt 0:00:05]} 58. Kg6 {[%emt 0:00:01]} c1=Q {[%emt 0:00:06]} 59. Kf7 {[%emt 0:00:02]} Rh7+ {[%emt 0:00:18]} 60. Ke8 {[%emt 0:00:02]} Qb1 {[%emt 0:00:14]} 61. Nf8 {[%emt 0:00:16]} Qb8+ {[%emt 0:00:08]} 0-1

[Event "Kupreichik Memorial Rapid 2019"]
[Site "Minsk"]
[Date "2019.08.16"]
[Round "4.40"]
[White "Laptev, Viktor"]
[Black "Kasperovich, Mikhail"]
[Result "0-1"]
[WhiteElo "1424"]
[BlackElo "1324"]
[Annotator "NA"]
[PlyCount "60"]
[EventDate "2019.08.15"]
[EventType "swiss"]
[EventCountry "BLR"]
[SourceTitle "playchess.com"]
[Source "ChessBase"]
[SourceQuality "1"]
[TimeControl "900+10"]

1. e4 e6 2. d4 d5 3. exd5 exd5 4. Bd3 Nf6 5. h3 h6 6. Nf3 Bd6 7. O-O O-O 8. Be3 Re8 9. c3 {[%emt 0:00:35]} c6 {[%emt 0:00:20]} 10. Nbd2 {[%emt 0:00:21]} Ne4 {[%emt 0:00:21]} 11. Re1 {[%emt 0:00:10]} f5 {[%emt 0:00:11]} 12. Nb3 {[%emt 0:00:41]} Nd7 {[%emt 0:00:33]} 13. c4 {[%emt 0:01:05]} Ndf6 {[%emt 0:00:59]} 14. Rc1 {[%emt 0:00:25]} Be6 {[%emt 0:00:53]} 15. c5 {[%emt 0:00:10]} Bc7 {[%emt 0:00:04]} 16. Ne5 {[%emt 0:00:18]} Bxe5 {[%emt 0:01:04]} 17. dxe5 {[%emt 0:00:02]} Nd7 {[%emt 0:00:28]} 18. f3 {[%emt 0:01:17]} Ng5 {[%emt 0:01:01]} 19. Bf2 {[%emt 0:00:15]} f4 {[%emt 0:03:11]} 20. Bf1 {[%emt 0:04:51]} Qc7 {[%emt 0:01:51]} 21. Qd4 {[%emt 0:01:20]} Rf8 {[%emt 0:00:02]} 22. Bh4 {[%emt 0:01:11]} Rf5 {[%emt 0:01:39]} 23. Bd3 {[%emt 0:00:52]} Rxe5 {[%emt 0:00:19]} 24. Rxe5 {[%emt 0:00:06]} Nxe5 {[%emt 0:00:02]} 25. Bxg5 {[%emt 0:01:05]} hxg5 {[%emt 0:00:01]} 26. Bb1 {[%emt 0:00:53]} Re8 {[%emt 0:02:34]} 27. Re1 {[%emt 0:00:11]} Bxh3 {[%emt 0:00:49]} 28. Rxe5 {[%emt 0:00:18]} Qxe5 {[%emt 0:00:02]} 29. Bg6 {[%emt 0:01:12]} Qe1+ {[%emt 0:00:11]} 30. Kh2 {[%emt 0:00:03]} Qg3+ {[%emt 0:00:01]} 0-1

[Event "Kupreichik Memorial Rapid 2019"]
[Site "Minsk"]
[Date "2019.08.16"]
[Round "5.1"]
[White "Safarli, Eltaj"]
[Black "Zhigalko, Sergei"]
[Result "1/2-1/2"]
[WhiteElo "2593"]
[BlackElo "2574"]
[Annotator "TA"]
[PlyCount "74"]
[EventDate "2019.08.15"]
[EventType "swiss"]
[EventCountry "BLR"]
[SourceTitle "playchess.com"]
[Source "ChessBase"]
[SourceQuality "1"]

{[%evp 10,74,5,6,13,-4,16,16,41,17,12,11,9,11,13,13,15,17,45,25,39,12,34,0,0,0,0,0,0,0,0,0,0,-24,25,18,45,43,50,42,99,0,0,0,0,0,0,0,0,0,0,0,0,0,0,0,0,0,0,0,0,0,0,0,0,0,0]} 1. e4 c5 2. Nc3 Nc6 3. Bb5 Nd4 4. Nf3 e6 5. O-O a6 6. Bd3 Nc6 {B30: Sicilian: 2...Nc6 3 Bb5, lines without ...g6} 7. e5 (7. a3 b5 8. Re1 Bb7 9. Bf1 Nf6 10. d4 cxd4 11. Nxd4 Nxd4 12. Qxd4 Qc7 13. e5 Nd5 14. Nxd5 Bxd5 {½-½ (65) Guseinov,G (2664)-Saric,I (2690) chess.com INT 2019}) 7... Qc7 8. Re1 Nge7 9. Be4 $146 ({Predecessor:} 9. b3 b6 10. Bb2 Bb7 11. Be4 Ng6 12. d4 cxd4 13. Nxd4 O-O-O 14. Nxc6 dxc6 {0-1 (52) Das,A (2466)-Plaskett,H (2495) Roquetas de Mar 2013}) 9... Ng6 10. Bxc6 Qxc6 11. Ne4 b6 12. h4 {[#] Strongly threatening h5.} h5 13. d4 Bb7 14. Bg5 cxd4 15. Nxd4 Qc7 16. Qf3 Nxe5 17. Qg3 $1 d6 18. Rad1 Bxe4 19. Rxe4 Be7 20. Bxe7 Qxe7 21. f4 Ng4 {[#]} (21... Qb7 $5 {[%cal Rb7e4]} 22. Qe1 Ng4 $11) 22. Nf5 $1 {[%cal Rf5e7][%mdl 576] Double Attack, Pin} Qf6 (22... exf5 23. Rxe7+) 23. Nxd6+ Kf8 24. Red4 Rd8 (24... Kg8 $14) 25. c3 ({Better is} 25. f5 $16) 25... g6 $1 $11 {The position is equal.} 26. Nc4 Rxd4 27. Rxd4 Kg7 28. Ne5 b5 29. Rd7 Rd8 {And now ...Qf5! would win.} 30. Rxd8 Qxd8 31. Nxg4 Qd1+ 32. Kh2 {aiming for Ne5.} hxg4 33. Qe3 Qb1 34. Qd4+ Kg8 35. Qd8+ Kg7 36. Qd4+ Kg8 37. Qd8+ Kg7 {Accuracy: White = 76%, Black = 64%.} 1/2-1/2

[Event "Kupreichik Memorial Rapid 2019"]
[Site "Minsk"]
[Date "2019.08.16"]
[Round "5.2"]
[White "Aleksandrov, Aleksej"]
[Black "Tiviakov, Sergei"]
[Result "0-1"]
[WhiteElo "2571"]
[BlackElo "2611"]
[Annotator "TA"]
[PlyCount "90"]
[EventDate "2019.08.15"]
[EventType "swiss"]
[EventCountry "BLR"]
[SourceTitle "playchess.com"]
[Source "ChessBase"]
[SourceQuality "1"]

{[%evp 17,96,13,18,18,40,25,33,0,14,-19,0,0,0,-3,20,17,55,58,63,63,51,47,77,30,27,29,42,25,77,39,37,28,32,0,0,0,0,0,0,-32,-20,-19,0,-62,-38,-87,-95,-109,-102,-122,-129,-124,-130,-143,-133,-227,-199,-339,-275,-277,-272,-705,-690,-642,-642,-642,-613,-613,-594,-579,-573,-5713,-2300,-29955,-29957,-12833,-5106,-29967,-29972,-29969,-29970]} 1. d4 Nf6 2. c4 e6 3. Nc3 Bb4 4. e3 c5 5. Bd3 Nc6 6. Nf3 Bxc3+ 7. bxc3 d6 8. O-O e5 9. Nd2 O-O 10. Re1 {E41: Nimzo-Indian: Rubinstein: 4...c5 5 Bd3, including Hübner Variation} Bd7 11. Rb1 b6 12. Bb2 $146 {White is slightly better.} ({Predecessor:} 12. d5 Ne7 13. e4 Ne8 14. Nf1 f5 15. exf5 Bxf5 16. Ng3 Bxd3 17. Qxd3 Qd7 18. Ne4 Ng6 {0-1 (64) Ben Artzi,I (2408)-Alekseev,E (2677) Jerusalem 2015}) 12... Rc8 13. a3 Ne7 14. e4 Ng6 15. g3 Re8 16. d5 Rc7 17. Nf1 Qc8 18. Bc1 Rf8 19. a4 Kh8 20. a5 bxa5 21. Ra1 a4 22. Bc2 Ne7 (22... Rb7 $11) 23. Bxa4 Bxa4 24. Rxa4 Nd7 25. Ne3 f5 26. exf5 Nb6 27. Ra2 Nxf5 28. Qe2 Nxe3 29. Bxe3 Qf5 30. Rea1 (30. f4 $1 $11) 30... Rff7 31. Ra6 h6 32. h4 Qe4 33. Qh5 Kh7 ({But not} 33... Qxc4 $6 {[#]} 34. Bxh6 $1 {[%mdl 512]} Qxd5 35. Be3+ Kg8 36. Rxa7 $11) 34. Qe2 Rcd7 35. h5 Qxc4 36. Qc2+ (36. Qxc4 $17 {might work better.} Nxc4 37. Kg2) 36... e4 $19 37. Bf4 (37. Qd1 $142) 37... Qd3 ({Not} 37... Qxd5 38. Rd1 $19) 38. Qd1 Nxd5 39. Rxd6 $2 (39. Qg4 Nxf4 40. gxf4) 39... Rxd6 40. Bxd6 Nxc3 41. Qxd3 exd3 {[%mdl 4096] Endgame KRB-KRN} 42. Be5 Ne2+ 43. Kf1 c4 44. Ra3 Re7 45. f4 {[#]} Nxg3+ {Played: Re7xe5} 0-1

[Event "Kupreichik Memorial Rapid 2019"]
[Site "Minsk"]
[Date "2019.08.16"]
[Round "5.3"]
[White "Dydyshko, Viacheslav"]
[Black "Sveshnikov, Evgeny"]
[Result "1/2-1/2"]
[WhiteElo "2506"]
[BlackElo "2483"]
[Annotator "TA"]
[PlyCount "27"]
[EventDate "2019.08.15"]
[EventType "swiss"]
[EventCountry "BLR"]
[SourceTitle "playchess.com"]
[Source "ChessBase"]
[SourceQuality "1"]

{[%evp 17,27,29,29,8,12,13,37,30,41,39,44,25]} 1. d4 d5 2. c4 e6 3. Nc3 c6 4. e3 Bd6 5. Bd3 f5 6. f4 Nf6 7. Nf3 O-O 8. O-O Nbd7 9. Bd2 Ne4 10. Rb1 {A84: Dutch Defence: 2 c4 Miscellaneous} b6 $146 ({Predecessor:} 10... Ndf6 11. b4 Nxd2 12. Qxd2 dxc4 13. Bxc4 b5 14. Bd3 a5 15. a3 axb4 16. axb4 Qe7 17. Ne5 Bd7 18. Qb2 Ra6 {½-½ (18) Farago,I (2491)-Dgebuadze,A (2538) Triesen 2009}) 11. b4 Bb7 12. c5 Bc7 13. Be2 Ndf6 14. Ne5 1/2-1/2

[Event "Kupreichik Memorial Rapid 2019"]
[Site "Minsk"]
[Date "2019.08.16"]
[Round "5.4"]
[White "Barskij, Vladimir"]
[Black "Sychev, Klementy"]
[Result "1/2-1/2"]
[WhiteElo "2389"]
[BlackElo "2579"]
[Annotator "TA"]
[PlyCount "69"]
[EventDate "2019.08.15"]
[EventType "swiss"]
[EventCountry "BLR"]
[SourceTitle "playchess.com"]
[Source "ChessBase"]
[SourceQuality "1"]

{[%evp 20,69,13,1,28,51,43,32,32,31,56,0,12,0,0,0,8,-22,-12,-25,0,0,3,2,17,15,19,19,24,6,20,22,55,62,62,62,75,75,83,73,97,8,131,73,106,109,105,89,110,116,334,139]} 1. e4 c5 2. c3 d5 3. exd5 Qxd5 4. d4 Nf6 5. Nf3 e6 6. Be2 Nc6 7. O-O Be7 8. Na3 O-O 9. Nb5 Qd8 10. dxc5 Bxc5 11. Bf4 Nd5 {B22: Sicilian: 2 c3} 12. Bg3 a6 13. Nbd4 Nxd4 {White is slightly better.} 14. Nxd4 Qf6 (14... Bd6 15. Bf3 Bxg3 16. hxg3 Nf6 17. Re1 Re8 18. Nb3 Qc7 19. Qd4 Bd7 20. Qc5 Rac8 21. Qxc7 Rxc7 22. Re5 Kf8 23. Rae1 Bc6 24. Nd4 Bd5 25. a3 h6 26. Bxd5 {½-½ (26) Savic,M (2515)-Pikula,D (2507) Kragujevac 2012}) 15. Bf3 ({White should try} 15. Nb3 $14 Be7 16. Bf3) 15... Rd8 $146 ({Predecessor:} 15... Bxd4 16. Qxd4 Qxd4 17. cxd4 Bd7 {½-½ (17) Cotura Vidal,L (1921)-Garcia Ramirez,C (2124) ICCF email 2011}) 16. Re1 Bxd4 17. cxd4 b5 18. Bxd5 Rxd5 19. Be5 Qd8 20. Rc1 Bd7 21. Rc5 Rxc5 22. dxc5 Bc6 23. Qg4 {[%csl Ge5][%cal Rg4g7]} Qf8 24. Bd6 Qe8 25. Re3 $40 {[%mdl 128] White mounts an attack.} Ra7 26. Be5 {[%csl Ge5][%cal Rg4g7]} f5 27. Qf4 h6 28. h4 Kh7 29. Bc3 Rd7 30. Qe5 (30. b4 $16) 30... Bd5 {[#]} (30... Qe7 $1 $11 {remains equal.}) 31. b3 (31. Qxf5+ $142 $1 {[%mdl 512]} Qg6 (31... exf5 32. Rxe8) 32. Qxg6+ Kxg6 33. Rg3+ Kh5 34. Bxg7) 31... Qf8 32. Rg3 Rf7 33. h5 Qe7 34. Rg6 Qd7 $2 {[#]} (34... b4 $16 {might work better.} 35. Bxb4 Rf6) 35. Kh2 {Accuracy: White = 50%, Black = 26%.} (35. Qg3 $1 $18 Kg8 36. Qb8+ Rf8 {[#]} 37. Qd6 $1 {[%mdl 512]}) 1/2-1/2

[Event "Kupreichik Memorial Rapid 2019"]
[Site "Minsk"]
[Date "2019.08.16"]
[Round "5.5"]
[White "Agapov, Sergey"]
[Black "Balashov, Yuri S"]
[Result "1-0"]
[WhiteElo "2265"]
[BlackElo "2474"]
[Annotator "TA"]
[PlyCount "107"]
[EventDate "2019.08.15"]
[EventType "swiss"]
[EventCountry "BLR"]
[SourceTitle "playchess.com"]
[Source "ChessBase"]
[SourceQuality "1"]

{[%evp 9,107,0,-2,-27,7,-63,-51,-79,-77,-59,0,-12,0,-112,-106,-105,-111,-95,-99,-37,-18,-19,-11,-35,-58,-51,-45,-46,-64,-93,-85,-115,-112,-81,-88,-129,-128,-126,-136,-234,-222,-224,-210,-224,-220,-213,-227,-293,-286,-278,-272,-271,-271,-600,-579,-571,-565,-531,-538,-530,-357,-366,-353,-335,0,0,264,239,315,314,302,274,299,283,316,307,458,458,439,433,440,401,483,467,465,466,467,422,533,524,563,563,731,687,6727,6076,5522,5522,881,772]} 1. d4 Nf6 2. c4 e6 3. Nc3 Bb4 4. Qb3 c5 5. Nf3 Nc6 {[%cal Bb8c6,Bc6e7,Be7f5][%mdl 32]} 6. d5 {E22: Nimzo-Indian: 4 Qb3} (6. dxc5 Ne4 7. Bd2 Nxd2 8. Nxd2 Bxc5 9. g3 b6 10. Bg2 Bb7 11. O-O Na5 12. Qc2 Bxg2 13. Kxg2 Rc8 14. Rac1 O-O 15. Qd3 Be7 16. Rfd1 Qc7 {½-½ (57) Ehlvest,J (2532)-Huebner,R (2574) Puhajarve 2016}) 6... Ne7 7. d6 $146 ({White should play} 7. dxe6 $11 fxe6 8. Bf4) ({Predecessor:} 7. Bg5 Qa5 8. Bxf6 gxf6 9. Rd1 Ng6 10. g3 O-O 11. Bg2 a6 12. O-O Bxc3 13. bxc3 b5 {1-0 (49) Ermilov,V (2313)-Galakhov,S (2214) Nevinnomyssk 2010}) 7... Nf5 $15 8. Bf4 {Black is slightly better.} Ne4 9. Rd1 Qb6 (9... b6 $15) 10. Qc2 Nfxd6 11. Qd3 (11. e3 $11 {remains equal.}) 11... Nxc4 $1 $17 12. Qxc4 d5 13. Qd3 c4 {[%csl Ge4][%cal Rb6f2]} 14. Qe3 Nxc3 15. bxc3 Qxe3 16. fxe3 (16. Bxe3 $5 {[%cal Rc3b4]} Bxc3+ 17. Bd2 Bxd2+ 18. Kxd2 $11) 16... Bxc3+ 17. Kf2 b5 {[%mdl 1024] Black has compensation.} 18. Nd4 Bd7 19. Bd6 f6 20. g4 a5 21. Bg2 Ra6 22. Bc5 {[#]} Kf7 $1 23. Nc2 {[#]} b4 $1 24. Rb1 (24. Bd4 $17) 24... Ba4 $19 25. Ne1 Rc8 26. Bd4 Bd2 27. Nf3 c3 28. Rbf1 Ke7 29. g5 e5 30. gxf6+ gxf6 31. Nxe5 $2 (31. Nxd2 cxd2 32. Bb2) 31... fxe5 32. Bxe5 Rf8+ 33. Bf3 Re6 34. Bd4 Bc2 35. Bc5+ Ke8 ({Much less strong is} 35... Rd6 36. Rhg1 $19) 36. Bxf8 Bxe3+ $2 ({Black should try} 36... Kxf8 $19 37. Bxd5 Rxe3) 37. Kg3 $11 Kxf8 $4 {[%mdl 8192]} (37... Rg6+ $11 {and Black stays safe.} 38. Kh4 Bg5+ 39. Kh5 Be3) 38. Be4+ $1 $18 {[%mdl 64] Discovered Attack} ({Worse is} 38. Bxd5+ Ke7 $11) 38... Kg7 39. Bxc2 Bc5 40. Bd3 a4 41. Rb1 Rb6 42. Bc2 b3 (42... Re6 {was necessary.} 43. Rhe1 Re3+ 44. Kf4 d4 45. Bxa4 Kf6) 43. axb3 a3 44. Rhd1 d4 45. Rd3 Rg6+ 46. Kf2 {White is clearly winning.} Rf6+ 47. Kg2 Re6 48. Re1 a2 {intending ...Rxe2+.} 49. Kf3 Rf6+ 50. Ke4 Re6+ {[#]} 51. Kd5 $1 {[%mdl 64] Double Attack} Rxe2 52. Rxe2 {Threatening mate with Rg3+.} a1=Q 53. Rg3+ Kh6 54. Reg2 {Accuracy: White = 51%, Black = 68%.} 1-0